Dimensions and emerging themes in teaching practicum : (Record no. 192900)

MARC details
000 -LEADER
fixed length control field 01788nam a2200397 i 4500
001 - CONTROL NUMBER
control field EBC5582388
003 - CONTROL NUMBER IDENTIFIER
control field MiAaPQ
005 - DATE AND TIME OF LATEST TRANSACTION
control field 20251009130922.0
006 - FIXED-LENGTH DATA ELEMENTS--ADDITIONAL MATERIAL CHARACTERISTICS
fixed length control field m o d |
007 - PHYSICAL DESCRIPTION FIXED FIELD--GENERAL INFORMATION
fixed length control field cr cnu||||||||
008 - FIXED-LENGTH DATA ELEMENTS--GENERAL INFORMATION
fixed length control field 181210s2019 enk ob 000 0 eng d
020 ## - INTERNATIONAL STANDARD BOOK NUMBER
International Standard Book Number 9781351209878 (e-book)
020 ## - INTERNATIONAL STANDARD BOOK NUMBER
Canceled/invalid ISBN 9780815381686
020 ## - INTERNATIONAL STANDARD BOOK NUMBER
International Standard Book Number 9781351209885 (e-book)
035 ## - SYSTEM CONTROL NUMBER
System control number (MiAaPQ)EBC5582388
035 ## - SYSTEM CONTROL NUMBER
System control number (Au-PeEL)EBL5582388
035 ## - SYSTEM CONTROL NUMBER
System control number (OCoLC)1053986741
040 ## - CATALOGING SOURCE
Original cataloging agency MiAaPQ
Language of cataloging eng
Description conventions rda
-- pn
Transcribing agency MiAaPQ
Modifying agency MiAaPQ
082 04 - DEWEY DECIMAL CLASSIFICATION NUMBER
Classification number 370.71/1
Edition number 23
245 00 - TITLE STATEMENT
Title Dimensions and emerging themes in teaching practicum :
Remainder of title a global perspective /
Statement of responsibility, etc. edited by Melek Cakmak and Muge Gunduz.
264 #1 - PRODUCTION, PUBLICATION, DISTRIBUTION, MANUFACTURE, AND COPYRIGHT NOTICE
Place of production, publication, distribution, manufacture London ;
-- New York :
Name of producer, publisher, distributor, manufacturer Routledge, Taylor & Francis Group,
Date of production, publication, distribution, manufacture, or copyright notice 2019.
300 ## - PHYSICAL DESCRIPTION
Extent 1 online resource (150 pages)
336 ## - CONTENT TYPE
Content type term text
Source rdacontent
337 ## - MEDIA TYPE
Media type term computer
Source rdamedia
338 ## - CARRIER TYPE
Carrier type term online resource
Source rdacarrier
504 ## - BIBLIOGRAPHY, ETC. NOTE
Bibliography, etc. note Includes bibliographical references.
588 ## - SOURCE OF DESCRIPTION NOTE
Source of description note Description based on print version record.
590 ## - LOCAL NOTE (RLIN)
Local note Electronic reproduction. Ann Arbor, MI : ProQuest, 2018. Available via World Wide Web. Access may be limited to ProQuest affiliated libraries.
650 #0 - SUBJECT ADDED ENTRY--TOPICAL TERM
Topical term or geographic name entry element Student teaching.
650 #0 - SUBJECT ADDED ENTRY--TOPICAL TERM
Topical term or geographic name entry element Student teachers.
655 #4 - INDEX TERM--GENRE/FORM
Genre/form data or focus term Electronic books.
700 1# - ADDED ENTRY--PERSONAL NAME
Personal name Cakmak, Melek,
Relator term editor.
700 1# - ADDED ENTRY--PERSONAL NAME
Personal name Gunduz, Muge,
Relator term editor.
9 (RLIN) 73812
776 08 - ADDITIONAL PHYSICAL FORM ENTRY
Relationship information Print version:
Title Dimensions and emerging themes in teaching practicum : a global perspective.
Place, publisher, and date of publication London ; New York : Routledge, Taylor & Francis Group, 2019
Physical description 150 pages
International Standard Book Number 9780815381686
Record control number (DLC) 2018031969
856 40 - ELECTRONIC LOCATION AND ACCESS
Uniform Resource Identifier https://ezproxy.taylors.edu.my/login?url=https://ebookcentral.proquest.com/lib/taylors/detail.action?docID=5582388
Public note An electronic book accessible through the World Wide Web; click to view
Holdings
Withdrawn status Lost status Source of classification or shelving scheme Damaged status Not for loan Home library Current library Date acquired Source of acquisition Cost, normal purchase price Inventory number Total Checkouts Date last seen Cost, replacement price Price effective from Koha item type Public note
    Dewey Decimal Classification   e-book Taylor's Library-TU Taylor's Library - Perpetual(TU) 14/10/2025 119 1304.10 TU700001815   14/10/2025 1304.10 14/10/2025 Main Collection SOEDx,91606,03,RM,PPT